00694nam a22002297a 4500003000400000005001700004008004100021010001300062020002200075035002500097037001600122040001500138082001500153100002500168245005700193260003500250270004900285300002600334500005100360650003500411650001800446dpl20180531125800.0180531b xxu||||| |||| 00| 0 eng d aB-093450 c395.00a817479042 aB-093450, B-093459 bCen Lib/Ret aDPLbENc0 a363.2bVAD aVadackumchery, James aWhy I am not a policeman ? /cby James Vadackumchery aNew Delhi bKaveri Booksc2001 bNew Delhi a4697/5-21-A, Ansari Roade110002 axviii,174p.c22cm(Hb) aIncludes bibliographical references and index  aPolice investigation of crimes aPolice ethics